Normal view MARC view

Entry Personal Name

Number of records used in: 1

001 - CONTROL NUMBER

  • control field: 73825

003 - CONTROL NUMBER IDENTIFIER

  • control field: dpl

005 - DATE AND TIME OF LATEST TRANSACTION

  • control field: 20241108155856.0

008 - FIXED-LENGTH DATA ELEMENTS

  • fixed length control field: 241108|| aca||aabn | a|a d

040 ## - CATALOGING SOURCE

  • Original cataloging agency: dpl
  • Transcribing agency: dpl

100 ## - HEADING--PERSONAL NAME

  • Personal name: गुप्त, कैलाश नाथ

670 ## - SOURCE DATA FOUND

  • Source citation: Work cat.: (dpl)206945: गुप्त, कैलाश नाथ , मानवाधिकार संघर्ष, संधर्भ एवं निवारण /, 2021

© Delhi Public Library
Hit Counter
free hit counter